000 00508cam a2200193ua 4500
001 2524
008 110912n ii |||gr||||Z||||||asm
040 _cMAIN
082 _a491.451
100 _aGoswami, Upendranath.,
_eAuthor.
245 1 1 _aAsamiya bhashar rupa-katha
_cby Upendranath Goswami
250 _a2nd rev. ed.
260 _aGuwahati:
_bD.B. prakashan,984.
300 _a99p.
653 _aAssamese Language
653 _aAssamese language
653 _aAsamiya bhashar rupa-katha
942 _cBK
999 _c2377
_d2377